Geografhie de l' ile d' Haiti. / (Record no. 36885)
[ view plain ]
| 000 -CABECERA | |
|---|---|
| campo de control de longitud fija | 00382nam a2200133 a 4500 |
| 001 - NÚMERO DE CONTROL | |
| campo de control | 000037395 |
| 005 - FECHA Y HORA DE LA ÚLTIMA TRANSACCIÓN | |
| campo de control | 20200930080335.0 |
| 008 - DATOS DE LONGITUD FIJA--INFORMACIÓN GENERAL | |
| campo de control de longitud fija | 120402s1864 ht 000 0 spa d |
| 040 ## - FUENTE DE LA CATALOGACIÓN | |
| Centro catalogador/agencia de origen | DO-SdBNP |
| Lengua de catalogación | spa |
| Centro/agencia transcriptor | BNPHU |
| 100 1# - ENTRADA PRINCIPAL--NOMBRE DE PERSONA | |
| Nombre de persona | Ardouin, B. |
| 9 (RLIN) | 63846 |
| 245 10 - MENCIÓN DE TÍTULO | |
| Título | Geografhie de l' ile d' Haiti. / |
| Mención de responsabilidad, etc. | B. Ardouin. |
| 260 ## - PUBLICACIÓN, DISTRIBUCIÓN, ETC. | |
| Lugar de publicación, distribución, etc. | Port-au-prince, : |
| Nombre del editor, distribuidor, etc. | T. Bouchereau, |
| Fecha de publicación, distribución, etc. | 1864. |
| 300 ## - DESCRIPCIÓN FÍSICA | |
| Extensión | 86 p. ; |
| Dimensiones | 25 cm. |
| Estado de retiro | Estado de pérdida | Restricciones de uso | No para préstamo | Código de colección | Localización permanente | Ubicación/localización actual | Ubicación en estantería | Fecha de adquisición | Número de inventario | Total de préstamos | Signatura topográfica completa | Código de barras | Fecha visto por última vez | Precio válido a partir de | Tipo de ítem Koha |
|---|---|---|---|---|---|---|---|---|---|---|---|---|---|---|---|
| Monografías: Libros y Folletos | General | General | En catalogación | 05.10.2012 | LF1 | 37395-10 | 25.06.2020 | 25.06.2020 | Préstamo en sala |
